K ochranným známkám. 1.

Jedným z chránených práv zo skupiny priemyselných práv je právo k ochrannej známke. Radí sa medzi práva na označenie. Ochranná známka musí byť zapísaná v registri ochranných známok. Určenie hodnoty ochrannej známky a kritérií, ktoré by mala spĺnať dobrá ochranná známka. Dohody ČSFR o medzinárodnom z...

Descripción completa

Guardado en:
Detalles Bibliográficos
Autor principal: Marek, K.
Formato: Capítulo de libro
Lenguaje:checo
Materias:
Etiquetas: Agregar Etiqueta
Sin Etiquetas, Sea el primero en etiquetar este registro!

MARC

LEADER 00000naa a2200000 4500
001 r008601
005 20220831090155.9
041 0 |a cze 
044 |a [CS] 
245 1 0 |a K ochranným známkám. 1.  |c K. Marek 
520 |a Jedným z chránených práv zo skupiny priemyselných práv je právo k ochrannej známke. Radí sa medzi práva na označenie. Ochranná známka musí byť zapísaná v registri ochranných známok. Určenie hodnoty ochrannej známky a kritérií, ktoré by mala spĺnať dobrá ochranná známka. Dohody ČSFR o medzinárodnom zápise ochranných známok. Označenia, ktoré sú absolútne vylúčené zo zápisu. Charakteristika individuálnych a kolektívnych ochranných známok. 
610 2 0 |a známky ochranné 
610 2 0 |a ČSFR 
610 2 0 |a konvencie 
610 2 0 |a ochrana spotrebiteľa 
610 2 0 |a zákony 
610 2 0 |a právo priemyselné 
100 1 |a Marek, K.